| 000 | 00407cam a2200121 4500500 | ||
|---|---|---|---|
| 005 | 20250921012037.0 | ||
| 041 | _afre | ||
| 042 | _adc | ||
| 100 | 1 | 0 |
_agroupe de chercheurs, Un _eauthor |
| 245 | 0 | 0 | _aUne journée à palerme |
| 260 |
_bL'Académie tunisienne (Beït al-Hikma),
_c2005. |
||
| 856 | 4 | 1 | _uhttps://shs.cairn.info/une-journee-a-palerme--9789973490177?lang=fr&redirect-ssocas=7080 |
| 999 |
_c1509955 _d1509955 |
||